Proponowane flagi państwowe - Statystyki

Ogólne statystyki
  • Ten quiz został rozwiązany 45 razy
  • Średni wynik to 17 z 20
Statystyki odpowiedzi
Obrazkowy Hint Odpowiedź % Poprawnych
(1777) Stany Zjednoczone
100%
(1870) Francja
97%
(2015) Nowa Zelandia
97%
(2008) Belgia
94%
(1821) Meksyk
94%
(1992) Australia
91%
(1908) Brazylia
91%
(1957) Irlandia
91%
(1939) Kanada
91%
(1604) Wielka Brytania
91%
(1962) Algieria
88%
(1948) Izrael
88%
(1947) Pakistan
88%
(1785) Hiszpania
85%
(2019) Mjanma
79%
(2006) Boliwia
74%
(1919) Estonia
68%
(1949) Chiny
65%
(2013) Tajwan
65%
(1949) Malezja
35%
Nie znaleziono quizów pasujących do podanych kryteriów
Rozkład punktacji
Procent ludzi z każdym wynikiem
Percentyl według liczby udzielonych odpowiedzi
Twoja historia wyników
Nie rozwiązałeś tego quizu